<?xml version="1.0" encoding="UTF-8"?><record xmlns="http://www.loc.gov/MARC21/slim" xmlns:zs="http://docs.oasis-open.org/ns/search-ws/sruResponse">
  <leader>03516ckm a22006017a 4500</leader>
  <controlfield tag="001">22634640</controlfield>
  <controlfield tag="005">20250607114206.0</controlfield>
  <controlfield tag="007">kh||||</controlfield>
  <controlfield tag="007">cr |||||||||||</controlfield>
  <controlfield tag="008">220606q18611865xxunnn       ||   kneng  </controlfield>
  <datafield ind1=" " ind2=" " tag="035">
    <subfield code="a">22634640</subfield>
  </datafield>
  <datafield ind1=" " ind2=" " tag="906">
    <subfield code="a">7</subfield>
    <subfield code="b">cbc</subfield>
    <subfield code="c">orignew</subfield>
    <subfield code="d">u</subfield>
    <subfield code="e">ncip</subfield>
    <subfield code="f">20</subfield>
    <subfield code="g">y-printpho</subfield>
  </datafield>
  <datafield ind1=" " ind2=" " tag="955">
    <subfield code="a">pr 2022-06 ; pnpm qw08 2022-06; qw89 2023-04r</subfield>
  </datafield>
  <datafield ind1=" " ind2=" " tag="010">
    <subfield code="a">  2022631015</subfield>
  </datafield>
  <datafield ind1=" " ind2=" " tag="037">
    <subfield code="a">LC-DIG-ppmsca-80002</subfield>
    <subfield code="b">DLC</subfield>
    <subfield code="c">(digital file from original, front)</subfield>
  </datafield>
  <datafield ind1=" " ind2=" " tag="037">
    <subfield code="a">LC-DIG-ppmsca-80003</subfield>
    <subfield code="b">DLC</subfield>
    <subfield code="c">(digital file from original, back)</subfield>
  </datafield>
  <datafield ind1=" " ind2=" " tag="040">
    <subfield code="a">DLC</subfield>
    <subfield code="b">eng</subfield>
    <subfield code="e">dcrmg</subfield>
    <subfield code="c">DLC</subfield>
    <subfield code="d">DLC</subfield>
  </datafield>
  <datafield ind1="0" ind2="0" tag="050">
    <subfield code="a">LOT 15158-1,</subfield>
    <subfield code="b">no. 1552</subfield>
  </datafield>
  <datafield ind1="2" ind2=" " tag="110">
    <subfield code="a">Brady's National Photographic Portrait Galleries,</subfield>
    <subfield code="e">photographer.</subfield>
  </datafield>
  <datafield ind1="1" ind2="0" tag="245">
    <subfield code="a">[Major Levi Gheen McCauley of Cos. F and C, 36th Pennsylvania Infantry Regiment and 102nd Company, 2nd Battalion Veteran Reserve Corps in uniform]</subfield>
    <subfield code="h">[graphic] /</subfield>
    <subfield code="c">Brady's National Photographic Portrait Galleries, Broadway &amp; Tenth Street, New York &amp; No. 352 Pennsylvania Av., Washington, D.C.</subfield>
  </datafield>
  <datafield ind1=" " ind2=" " tag="260">
    <subfield code="a">[New York ;</subfield>
    <subfield code="a">Washington, D.C.] :</subfield>
    <subfield code="b">[Brady's National Photographic Portrait Galleries, Broadway &amp; Tenth St., &amp; No. 352 Pennsylvania Av.],</subfield>
    <subfield code="c">[between 1861 and 1865]</subfield>
  </datafield>
  <datafield ind1=" " ind2=" " tag="300">
    <subfield code="a">1 photograph :</subfield>
    <subfield code="b">albumen print on card mount ;</subfield>
    <subfield code="c">mount 102 x 62 mm (carte de visite format)</subfield>
  </datafield>
  <datafield ind1=" " ind2=" " tag="336">
    <subfield code="a">still image</subfield>
    <subfield code="b">sti</subfield>
    <subfield code="2">rdacontent</subfield>
  </datafield>
  <datafield ind1=" " ind2=" " tag="337">
    <subfield code="a">unmediated</subfield>
    <subfield code="b">n</subfield>
    <subfield code="2">rdamedia</subfield>
  </datafield>
  <datafield ind1=" " ind2=" " tag="338">
    <subfield code="a">sheet</subfield>
    <subfield code="b">nb</subfield>
    <subfield code="2">rdacarrier</subfield>
  </datafield>
  <datafield ind1=" " ind2=" " tag="500">
    <subfield code="a">Title devised by Library staff.</subfield>
  </datafield>
  <datafield ind1=" " ind2=" " tag="500">
    <subfield code="a">Printed on recto: "Brady, New York."</subfield>
    <subfield code="5">DLC</subfield>
  </datafield>
  <datafield ind1=" " ind2=" " tag="500">
    <subfield code="a">Notation on verso: "Lieut. LG. McCauley since promoted to Captain, Co. C, 7th Regt. P.R.I.C."</subfield>
    <subfield code="5">DLC</subfield>
  </datafield>
  <datafield ind1="1" ind2=" " tag="506">
    <subfield code="a">Use digital images. Original served only by appointment because material requires special handling. For more information see: (http://www.loc.gov/rr/print/info/617_apptonly.html)</subfield>
  </datafield>
  <datafield ind1="0" ind2=" " tag="520">
    <subfield code="a">Photograph shows identified soldier who was wounded and his arm amputated on June 30, 1862 at Charles City Cross Roads, Virginia. He was taken prisoner of war.</subfield>
  </datafield>
  <datafield ind1=" " ind2=" " tag="540">
    <subfield code="a">No known restrictions on publication.</subfield>
  </datafield>
  <datafield ind1=" " ind2=" " tag="541">
    <subfield code="c">Gift;</subfield>
    <subfield code="a">Tom Liljenquist;</subfield>
    <subfield code="d">2022;</subfield>
    <subfield code="e">(DLC/PP-2017:171-6, formerly deposit D077)</subfield>
  </datafield>
  <datafield ind1=" " ind2=" " tag="561">
    <subfield code="a">Purchased from: Scottiques, Clarksville, Tennessee, December 2021.</subfield>
  </datafield>
  <datafield ind1=" " ind2=" " tag="580">
    <subfield code="a">Forms part of: Liljenquist Family Collection of Civil War Photographs (Library of Congress).</subfield>
  </datafield>
  <datafield ind1="1" ind2="0" tag="600">
    <subfield code="a">McCauley, Levi Gheen,</subfield>
    <subfield code="d">1837-1920.</subfield>
  </datafield>
  <datafield ind1="1" ind2="4" tag="610">
    <subfield code="a">United States.</subfield>
    <subfield code="b">Army.</subfield>
    <subfield code="b">Pennsylvania Infantry Regiment, 36th (1861-1864)</subfield>
    <subfield code="x">People.</subfield>
  </datafield>
  <datafield ind1="1" ind2="4" tag="610">
    <subfield code="a">United States.</subfield>
    <subfield code="b">Army.</subfield>
    <subfield code="b">Veteran Reserve Corps</subfield>
    <subfield code="x">People</subfield>
    <subfield code="y">1860-1870.</subfield>
  </datafield>
  <datafield ind1=" " ind2="7" tag="650">
    <subfield code="a">Soldiers</subfield>
    <subfield code="x">Union</subfield>
    <subfield code="y">1860-1870.</subfield>
    <subfield code="2">lctgm</subfield>
  </datafield>
  <datafield ind1=" " ind2="7" tag="650">
    <subfield code="a">Military uniforms</subfield>
    <subfield code="x">Union</subfield>
    <subfield code="y">1860-1870.</subfield>
    <subfield code="2">lctgm</subfield>
  </datafield>
  <datafield ind1=" " ind2="7" tag="650">
    <subfield code="a">Prisoners of war</subfield>
    <subfield code="y">1860-1870.</subfield>
    <subfield code="2">lctgm</subfield>
  </datafield>
  <datafield ind1=" " ind2="4" tag="651">
    <subfield code="a">United States</subfield>
    <subfield code="x">History</subfield>
    <subfield code="y">Civil War, 1861-1865</subfield>
    <subfield code="x">Military personnel</subfield>
    <subfield code="x">Union.</subfield>
  </datafield>
  <datafield ind1=" " ind2="7" tag="655">
    <subfield code="a">Portrait photographs</subfield>
    <subfield code="y">1860-1870.</subfield>
    <subfield code="2">gmgpc</subfield>
  </datafield>
  <datafield ind1=" " ind2="7" tag="655">
    <subfield code="a">Albumen prints</subfield>
    <subfield code="y">1860-1870.</subfield>
    <subfield code="2">gmgpc</subfield>
  </datafield>
  <datafield ind1=" " ind2="7" tag="655">
    <subfield code="a">Cartes de visite</subfield>
    <subfield code="y">1860-1870.</subfield>
    <subfield code="2">gmgpc</subfield>
  </datafield>
  <datafield ind1="0" ind2=" " tag="773">
    <subfield code="t">Liljenquist Family collection (Library of Congress)</subfield>
    <subfield code="w">(DLC)   2010650519</subfield>
  </datafield>
  <datafield ind1=" " ind2=" " tag="852">
    <subfield code="a">Library of Congress</subfield>
    <subfield code="b">Prints and Photographs Division</subfield>
    <subfield code="e">Washington, D.C. 20540 USA</subfield>
    <subfield code="n">dcu</subfield>
    <subfield code="u">https://hdl.loc.gov/loc.pnp/pp.print</subfield>
  </datafield>
  <datafield ind1="4" ind2="1" tag="856">
    <subfield code="3">digital file from original, front</subfield>
    <subfield code="d">ppmsca</subfield>
    <subfield code="f">80002</subfield>
    <subfield code="q">p</subfield>
    <subfield code="u">https://hdl.loc.gov/loc.pnp/ppmsca.80002</subfield>
  </datafield>
  <datafield ind1="4" ind2="1" tag="856">
    <subfield code="3">digital file from original, back</subfield>
    <subfield code="d">ppmsca</subfield>
    <subfield code="f">80003</subfield>
    <subfield code="q">p</subfield>
    <subfield code="u">https://hdl.loc.gov/loc.pnp/ppmsca.80003</subfield>
  </datafield>
  <datafield ind1=" " ind2=" " tag="952">
    <subfield code="a">pp/liljpaper</subfield>
  </datafield>
  <datafield ind1=" " ind2=" " tag="985">
    <subfield code="a">pp/lilj</subfield>
  </datafield>
  <datafield ind1=" " ind2=" " tag="985">
    <subfield code="a">pp/civwar</subfield>
  </datafield>
  <datafield ind1=" " ind2=" " tag="985">
    <subfield code="a">pp/diof</subfield>
  </datafield>
  <datafield ind1=" " ind2=" " tag="991">
    <subfield code="b">c-P&amp;P</subfield>
  </datafield>
</record>
